| 000 | 00682nam a2200205Ia 4500 | ||
|---|---|---|---|
| 005 | 20260121110027.0 | ||
| 008 | 008 260114s9999 xx 000 0 hin d | ||
| 020 | _a9788132359500 | ||
| 037 | _aEBOOK | ||
| 040 |
_aCRL _bhin _cCRL |
||
| 041 |
_ahin _2hin |
||
| 084 | _qCRL | ||
| 100 |
_aसर्वेश मौर्य / Sarvesh Maurya _9941151 |
||
| 245 | 0 | _aमेटा जोआ बहुकोशिकीय प्राणी / Meta-Joa Bahukoshikiy Praani | |
| 260 |
_bभाषा प्रकाशन / Bhasha Prakashan _c2021 |
||
| 856 | _uhttps://bhashaprakashan.com/product-details/382535 | ||
| 942 | _cEBOOK | ||
| 999 |
_c1532816 _d1532816 |
||